| 000 | 00350nam a2200133Ia 4500 | ||
|---|---|---|---|
| 008 | 220216s9999 xx 000 0 und d | ||
| 100 | _aLim S C | ||
| 245 | 0 | _aStructure and characteristics of rubberwood | |
| 260 |
_bRubberwood: Processing and utilization _c1994 |
||
| 300 | _a17-25 | ||
| 650 | _aRubberwood | ||
| 700 | _aSulaiman Ani | ||
| 942 | _cJS | ||
| 999 |
_c69463 _d69463 |
||